| 000 | 00804na a2200229 4500 | ||
|---|---|---|---|
| 001 | 23643 | ||
| 003 | MIRAKIL | ||
| 005 | 20181213155258.0 | ||
| 008 | 171116b tu 000 0 | ||
| 040 |
_aMilas _btur _cTR-AnCHP |
||
| 041 | _atur | ||
| 082 |
_a956.93 _bB27y 2003 |
||
| 090 | _a956.93 B27y 2003 | ||
| 110 | _aBaşkent Üniversitesi | ||
| 111 |
_a28 Şubat sürecinde Kıbrıs, çözümler ve öneriler _cAnkara _d22 Ocak 2003 |
||
| 245 |
_a28 Şubat sürecinde Kıbrıs, çözümler ve öneriler _cBaşkent Üniversitesi Stratejik Araştırmalar Merkezi |
||
| 260 |
_aAnkara _bBaşkent Üniversitesi Stratejik Araştırmalar Merkezi _c2003 |
||
| 300 |
_a54 s. _c24 sm. |
||
| 650 |
_aKıbrıs sorunu _xSorunlar ve çözümler |
||
| 650 |
_aKıbrıs sorunu _xTartışmalar |
||
| 942 |
_2ddc _cBKS |
||
| 999 |
_c9832 _d9832 |
||